00351nam a2200133Ia 4500008004100000020001500041041001200056082001600068100001800084245005000102260004900152300000800201650000800209221030s9999 xx 000 0 und d a8122408818 aEnglish a105.23bCha aR. Chatterjee 0aAntenna : Theory & Practicecby R. Chatterjee bNew Age International Pub.aNew Delhic2000 a381 aECE